LEADER 04169oas 2201597 a 450 001 9910147327603321 005 20260310213014.0 011 $a1439-0469 035 $a(DE-599)2021279-3 035 $a(OCoLC)45232394 035 $a(CONSER) 00242289 035 $a(CKB)954925573929 035 $a(EXLCZ)99954925573929 100 $a20001026a19949999 oy a 101 0 $aeng 135 $aurun||||||||| 181 $ctxt$2rdacontent 182 $cc$2rdamedia 183 $acr$2rdacarrier 200 00$aJournal of zoological systematics and evolutionary research =$eZeitschrift fu?r zoologische Systematik und Evolutionsforschung 210 $a[Berlin, Germany] $cBlackwell Science 210 21$a[Hoboken, New Jersey?] :$cWiley Blackwell 210 21$a[London] :$cHindawi 210 31$a[Hoboken, NJ] :$cJohn Wiley & Sons Ltd. 215 $a1 online resource 300 $aRefereed/Peer-reviewed 300 $aIncludes some special issues. 311 08$a0947-5745 517 3 $aZeitschrift fu?r zoologische Systematik und Evolutionsforschung 531 0 $aJ. zool. syst. evol. res. 606 $aAnimals$vClassification$vPeriodicals 606 $aZoology$vPeriodicals 606 $aEvolution$vPeriodicals 606 $aAnimaux$vClassification$vPe?riodiques 606 $aZoologie$vPe?riodiques 606 $aE?volution$vPe?riodiques 606 $a42.21 evolution$3(NL-LeOCL)077603095$2bcl 606 $aAnimals$2fast$3(OCoLC)fst00809468 606 $aEvolution$2fast$3(OCoLC)fst00917265 606 $aZoology$2fast$3(OCoLC)fst01184696 606 $aTiere$2gnd 606 $aEvolution$2gnd 606 $aZeitschrift$2gnd 606 $aOnline-Ressource$2gnd 606 $aSystematik$2gnd 606 $aDierkunde$2gtt 606 $aEvolutie$2gtt 606 $aClassification (Sciences naturelles)$2rasuqam 606 $aAnimal$2rasuqam 606 $aZoologie$2rasuqam 606 $aE?volution (Biologie)$2rasuqam 606 $aZoologia$2thub 606 $aEvolució$2thub 608 $aClassification.$2fast 608 $aPeriodicals.$2fast 608 $aRessource Internet (Descripteur de forme)$2rasuqam 608 $aPe?riodique e?lectronique (Descripteur de forme)$2rasuqam 608 $aRevistes electròniques.$2thub 615 0$aAnimals 615 0$aZoology 615 0$aEvolution 615 6$aAnimaux 615 6$aZoologie 615 6$aE?volution 615 7$a42.21 evolution. 615 7$aAnimals. 615 7$aEvolution. 615 7$aZoology. 615 7$aTiere 615 7$aEvolution 615 7$aZeitschrift 615 7$aOnline-Ressource 615 7$aSystematik 615 17$aDierkunde. 615 17$aEvolutie. 615 7$aClassification (Sciences naturelles) 615 7$aAnimal. 615 7$aZoologie. 615 7$aE?volution (Biologie) 615 7$aZoologia. 615 7$aEvolució. 676 $a590 801 0$bMYG 801 1$bMYG 801 2$bOCLCQ 801 2$bNSD 801 2$bOCLCQ 801 2$bF#A 801 2$bOCLCS 801 2$bVRC 801 2$bOCLCQ 801 2$bSERSO 801 2$bUQ1 801 2$bOCLCQ 801 2$bOCLCO 801 2$bOCLCF 801 2$bSCB 801 2$bYUS 801 2$bOCLCQ 801 2$bUKMGB 801 2$bOCLCO 801 2$bOCLCQ 801 2$bOCL 801 2$bOCLCO 801 2$bDEFHM 801 2$bOCLCO 801 2$bOCLCA 801 2$bOCL 801 2$bNLE 801 2$bOCLCQ 801 2$bOCLCA 801 2$bOCLCQ 801 2$bVT2 801 2$bNJT 801 2$bOCLCA 801 2$bOCLCQ 801 2$bGUA 801 2$bDYJ 801 2$bOCLCQ 801 2$bUAB 801 2$bTXA 801 2$bDLC 801 2$bOCLCL 801 2$bDLC 801 2$bSXB 801 2$bAU@ 801 2$bCSO 801 2$bU9X 801 2$bLIP 801 2$bXFH 801 2$bWT2 801 2$bOCLCQ 906 $aJOURNAL 912 $a9910147327603321 996 $aJournal of zoological systematics and evolutionary research$92051295 997 $aUNINA